[Event "Donoratico op-A"]
[Site "Donoratico"]
[Date "2011.05.01"]
[Round "5"]
[White "Nelli, Marcello"]
[Black "Cautiero, Pietro"]
[Result "1/2-1/2"]
[WhiteElo "1801"]
[BlackElo "1715"]
[PlyCount "91"]
[EventDate "2011.04.29"]
[EventType "swiss"]
[EventRounds "5"]
[EventCountry "ITA"]
[SourceTitle "EXT 2015"]
[Source "ChessBase"]
[SourceDate "2014.11.20"]
[SourceVersion "1"]
[SourceVersionDate "2014.11.20"]
[SourceQuality "1"]

1. e4 a6 2. d4 e6 3. Nc3 d5 4. exd5 exd5 5. Nf3 Nf6 6. Bg5 Be7 7. Bd3 0-0 8. 0-0 Be6 9. Qd2 Nbd7 10. Rfe1 Re8 11. Rad1 Bg4 12. Re3 h6 13. Bh4 Bxf3 14. Rxf3 Ne4 15. Bxe4 dxe4 16. Bxe7 Qxe7 17. Re3 f5 18. f3 Nf6 19. fxe4 fxe4 20. Rde1 Qd7 21. Nxe4 Nxe4 22. Rxe4 Rxe4 23. Rxe4 Rd8 24. b3 c5 25. c3 Qf5 26. Qe1 cxd4 27. cxd4 Qf6 28. Re8+ Rxe8 29. Qxe8+ Kh7 30. Qe4+ Kg8 31. a4 Qb6 32. Qd5+ Kh8 33. h3 Qb4 34. Kh2 Qe7 35. Qe5 Qb4 36. Qe8+ Kh7 37. Qe4+ Kh8 38. Qd3 Qd6+ 39. Kh1 Qf4 40. d5 Qc1+ 41. Kh2 h5 42. d6 h4 43. Qd4 Qg5 44. Qf2 Qe5+ 45. Kg1 Qa1+ 46. Qf1 1/2-1/2

[Event "Donoratico op-A"]
[Site "Donoratico"]
[Date "2011.04.30"]
[Round "2"]
[White "Pazzi, Maurizio"]
[Black "Nelli, Marcello"]
[Result "1/2-1/2"]
[WhiteElo "1491"]
[BlackElo "1801"]
[PlyCount "52"]
[EventDate "2011.04.29"]
[EventType "swiss"]
[EventRounds "5"]
[EventCountry "ITA"]
[SourceTitle "EXT 2015"]
[Source "ChessBase"]
[SourceDate "2014.11.20"]
[SourceVersion "1"]
[SourceVersionDate "2014.11.20"]
[SourceQuality "1"]

1. d4 e6 2. Nf3 d5 3. e3 Nf6 4. c4 c6 5. a3 b6 6. cxd5 exd5 7. h3 Bd6 8. Bd3 Ba6 9. Bxa6 Nxa6 10. Qa4 Qc8 11. Nc3 0-0 12. 0-0 b5 13. Qc2 Re8 14. b4 h6 15. Bd2 Ne4 16. Rac1 Nc7 17. Ne2 Re6 18. Nf4 Bxf4 19. exf4 Nxd2 20. Qxd2 Qe8 21. Ne5 f6 22. f5 Rd6 23. Ng6 Qd7 24. Rfe1 Re8 25. Rxe8+ Qxe8 26. Re1 Qd7 1/2-1/2